000 00293nam a22001337a 4500
008 170323b xxu||||| |||| 00| 0 eng d
020 _a9781418051686
041 _aeng
080 _23 ED
_a616.9
100 _a8
101 _aSHM
245 _aSURGICAL TECHNOLOGY
_cFREY.K.B
942 _2udc
_cBK
999 _c8435
_d8435